The South African Attorneys Handbook : (Record no. 151)

MARC details
000 -LEADER
fixed length control field 00619nam a22001697a 4500
005 - DATE AND TIME OF INPUT
control field 20231030134742.0
008 - DATA ELEMENTS--GENERAL INFORMATION
fixed length control field 231030b |||||||| |||| 00| 0 eng d
041 ## - LANGUAGE CODE
Language code of text English
082 ## - SHELF NUMBER
DDC number 347.1 RAN
100 ## - MAIN AUTHOR
Main author's name Randell, GH, Bax KC and Van Niekerk JP
Language of a work English
245 ## - TITLE STATEMENT
Title The South African Attorneys Handbook :
Sub-title Being Statutes and Decided Cases Relating to their Profession /
Statement of responsibility, etc. GH Randell, KC Bax and JP Van Niekerk
250 ## - EDITION STATEMENT
Edition statement Second Edition
260 ## - PUBLICATION, DISTRIBUTION, ETC.
Place of publication, distribution, etc. Durban :
Name of publisher, distributor, etc. Butterworths,
Date of publication, distribution, etc. 1968
300 ## - PHYSICAL DESCRIPTION
Other physical details xxi, 287 pages ;
Dimensions 25 cm.
650 ## - SUBJECT`
Broad subject legal practice
Own subject terms Law
942 ## - ADDED ENTRY ELEMENTS (KOHA)
Item type Books
942 ## - ADDED ENTRY ELEMENTS (KOHA)
-- ALISON_BN_VRIES
Holdings
Source of classification or shelving scheme Not for loan Collection code Home library Current library Shelving location Date acquired Full call number Barcode Price effective from Koha item type
Dewey Decimal Classification   TEXT BOOKS LAW SOCIETY OF NAMIBIA LIBRARY - WINDHOEK LAW SOCIETY OF NAMIBIA LIBRARY - WINDHOEK Evidence law 10/30/2023 347.1 RAN LSN/1986/94 10/30/2023 Books